[Event "Polanica Zdroj op-B 43rd"]
[Site "Polanica Zdroj"]
[Date "2007.08.25"]
[Round "9"]
[White "Szczygiel, Michal"]
[Black "Idczak, Rafal"]
[Result "1/2-1/2"]
[WhiteElo "1754"]
[BlackElo "1900"]
[PlyCount "152"]
[EventDate "2007.08.17"]
[EventType "swiss"]
[EventRounds "10"]
[EventCountry "POL"]
[SourceTitle "CBM 120 Extra"]
[Source "ChessBase"]
[SourceDate "2007.11.01"]
[SourceVersion "1"]
[SourceVersionDate "2007.11.01"]
[SourceQuality "1"]

1. d4 Nf6 2. Nf3 g6 3. e3 Bg7 4. Bd3 d5 5. Nbd2 0-0 6. 0-0 c5 7. c3 Bf5 8. Bxf5 gxf5 9. Ne5 Nbd7 10. f4 Qb6 11. Ndf3 Nxe5 12. Nxe5 Qe6 13. Bd2 Ne4 14. Nf3 h6 15. Be1 Kh7 16. Qe2 Rg8 17. Nd2 cxd4 18. cxd4 Rac8 19. Nxe4 Qxe4 20. Bc3 b5 21. Rf2 Rc4 22. a3 Rgc8 23. Rd1 e6 24. Qd3 Qxd3 25. Rxd3 Bf8 26. Bd2 Be7 27. Re2 Bh4 28. g3 Bd8 29. Bb4 Bb6 30. Rc3 a5 31. Rxc4 dxc4 32. Bc3 Kg8 33. Kf2 Kf8 34. Kf3 h5 35. e4 fxe4+ 36. Rxe4 Ke7 37. Re5 b4 38. axb4 axb4 39. Bxb4+ Kf6 40. Rxh5 Bxd4 41. Bc3 Bxc3 42. bxc3 Rd8 43. Re5 Rd3+ 44. Re3 Rd2 45. h4 Kf5 46. h5 Rh2 47. g4+ Kf6 48. Ke4 Rd2 49. g5+ Kg7 50. h6+ Kg6 51. Rh3 Kh7 52. Re3 Kg6 53. Kf3 Rh2 54. Kg4 Rg2+ 55. Kh4 Rh2+ 56. Kg4 Rg2+ 57. Kf3 Rh2 58. Ke4 Rd2 59. Rf3 Rd1 60. Rh3 Kh7 61. Rf3 Kg6 62. Rh3 Kh7 63. Ke5 Rd3 64. Rh4 Rxc3 65. Kf6 Rg3 66. Kxf7 c3 67. Kxe6 c2 68. Rh1 Rc3 69. Rc1 Kg6 70. Ke5 Rc4 71. f5+ Kxg5 72. h7 Rc8 73. Rxc2 Re8+ 74. Kd6 Kxf5 75. Rh2 Rh8 76. Rh6 Kg5 1/2-1/2

[Event "Polanica Zdroj op-B 43rd"]
[Site "Polanica Zdroj"]
[Date "2007.08.24"]
[Round "8"]
[White "Mierska, Agnieszka"]
[Black "Szczygiel, Michal"]
[Result "1/2-1/2"]
[WhiteElo "1862"]
[BlackElo "1754"]
[PlyCount "82"]
[EventDate "2007.08.17"]
[EventType "swiss"]
[EventRounds "10"]
[EventCountry "POL"]
[SourceTitle "CBM 120 Extra"]
[Source "ChessBase"]
[SourceDate "2007.11.01"]
[SourceVersion "1"]
[SourceVersionDate "2007.11.01"]
[SourceQuality "1"]

1. e4 e6 2. e5 d5 3. exd6 Bxd6 4. d4 Nf6 5. Nf3 0-0 6. Bd3 Nc6 7. c3 e5 8. dxe5 Nxe5 9. Nxe5 Bxe5 10. 0-0 Qd6 11. h3 Rd8 12. Bc2 Qxd1 13. Rxd1 Bf5 14. Rxd8+ Rxd8 15. Bb3 Ne4 16. Be3 Kf8 17. Na3 a6 18. Nc4 Bf6 19. Bf4 c6 20. Rd1 Rxd1+ 21. Bxd1 b5 22. Ne5 c5 23. g4 Be6 24. a4 c4 25. a5 Bc8 26. f3 Nc5 27. Nc6 Ke8 28. Be3 Nd3 29. g5 Be7 30. Nxe7 Kxe7 31. b4 Bxh3 32. f4 Ke6 33. Bf3 Kd6 34. Bb7 Kc7 35. Bxa6 Kc6 36. Kh2 Bd7 37. Kg3 g6 38. Kf3 Bf5 39. Bd2 Nb2 40. Ke3 Nd3 41. Kd4 Be6 1/2-1/2

[Event "Polanica Zdroj op-B 43rd"]
[Site "Polanica Zdroj"]
[Date "2007.08.22"]
[Round "6"]
[White "Sajtyna, Krzysztof"]
[Black "Szczygiel, Michal"]
[Result "1/2-1/2"]
[WhiteElo "1989"]
[BlackElo "1754"]
[PlyCount "64"]
[EventDate "2007.08.17"]
[EventType "swiss"]
[EventRounds "10"]
[EventCountry "POL"]
[SourceTitle "CBM 120 Extra"]
[Source "ChessBase"]
[SourceDate "2007.11.01"]
[SourceVersion "1"]
[SourceVersionDate "2007.11.01"]
[SourceQuality "1"]

1. e4 e6 2. d4 d5 3. e5 c5 4. c3 Nc6 5. Nf3 Qb6 6. Bd3 Bd7 7. 0-0 cxd4 8. cxd4 Nxd4 9. Nxd4 Qxd4 10. Nc3 a6 11. Qe2 Ne7 12. Kh1 h5 13. f4 Nf5 14. Bxf5 exf5 15. Rd1 Qc4 16. Qxc4 dxc4 17. Nd5 Rc8 18. Nb6 Rc7 19. Be3 Be6 20. Rac1 Be7 21. b3 c3 22. Na4 c2 23. Rd2 b5 24. Nb2 0-0 25. Rdxc2 Rxc2 26. Rxc2 Rc8 27. Rxc8+ Bxc8 28. Bd4 Kf8 29. Kg1 Bb7 30. Kf2 g6 31. Nd3 Be4 32. Nc5 Bxc5 1/2-1/2

[Event "POL Academic Cup 2nd"]
[Site "Wroclaw"]
[Date "2007.05.04"]
[Round "9"]
[White "Mikulewicz, Joanna"]
[Black "Szczygiel, Michal"]
[Result "1/2-1/2"]
[WhiteElo "2088"]
[BlackElo "1711"]
[PlyCount "42"]
[EventDate "2007.04.28"]
[EventType "swiss"]
[EventRounds "9"]
[EventCountry "POL"]
[SourceTitle "EXT 2011"]
[Source "ChessBase"]
[SourceDate "2010.11.26"]
[SourceVersion "1"]
[SourceVersionDate "2010.11.26"]
[SourceQuality "1"]

1. e4 e6 2. d4 d5 3. Nc3 Nf6 4. e5 Nfd7 5. f4 c5 6. Nf3 Nc6 7. Be3 a6 8. Qd2 b5 9. dxc5 Nxc5 10. Qf2 Nd7 11. Nd4 Nxd4 12. Bxd4 g6 13. Bd3 Bb7 14. 0-0 Rc8 15. Kh1 Nc5 16. Rac1 Be7 17. a3 Nxd3 18. cxd3 0-0 19. Ne2 Qd7 20. Qe3 b4 21. axb4 Bxb4 1/2-1/2

[Event "POL Academic Cup 2nd"]
[Site "Wroclaw"]
[Date "2007.05.02"]
[Round "7"]
[White "Paszek, Krzysztof"]
[Black "Szczygiel, Michal"]
[Result "1/2-1/2"]
[WhiteElo "2155"]
[BlackElo "1711"]
[PlyCount "63"]
[EventDate "2007.04.28"]
[EventType "swiss"]
[EventRounds "9"]
[EventCountry "POL"]
[SourceTitle "EXT 2011"]
[Source "ChessBase"]
[SourceDate "2010.11.26"]
[SourceVersion "1"]
[SourceVersionDate "2010.11.26"]
[SourceQuality "1"]

1. e4 e6 2. d3 d5 3. Nd2 c5 4. Ngf3 Nf6 5. g3 Be7 6. Bg2 0-0 7. 0-0 Nc6 8. Re1 a5 9. e5 Nd7 10. Nf1 f6 11. exf6 Bxf6 12. Ne3 Nde5 13. Nxe5 Nxe5 14. f4 Nc6 15. c4 dxc4 16. Bxc6 bxc6 17. dxc4 Bd4 18. Kg2 e5 19. Nc2 exf4 20. Nxd4 cxd4 21. Bxf4 c5 22. Qh5 Qb6 23. b3 Bb7+ 24. Kg1 Qc6 25. Qd5+ Qxd5 26. cxd5 Bxd5 27. Bd6 Rf5 28. Bxc5 Bxb3 29. Bxd4 Rd8 30. Bc3 Rd3 31. Bxa5 Rxa5 32. axb3 1/2-1/2

[Event "POL Academic Cup 2nd"]
[Site "Wroclaw"]
[Date "2007.04.29"]
[Round "2"]
[White "Szczygiel, Michal"]
[Black "Pacholec, Tomasz"]
[Result "1-0"]
[WhiteElo "1711"]
[BlackElo "2000"]
[PlyCount "91"]
[EventDate "2007.04.28"]
[EventType "swiss"]
[EventRounds "9"]
[EventCountry "POL"]
[SourceTitle "EXT 2011"]
[Source "ChessBase"]
[SourceDate "2010.11.26"]
[SourceVersion "1"]
[SourceVersionDate "2010.11.26"]
[SourceQuality "1"]

1. d4 e6 2. Nf3 f5 3. e3 Nf6 4. Bd3 g6 5. Nbd2 Bg7 6. 0-0 0-0 7. e4 b6 8. e5 Nd5 9. c4 Nb4 10. Bb1 d6 11. a3 N4c6 12. exd6 cxd6 13. Nb3 Ba6 14. Bd3 e5 15. dxe5 dxe5 16. Be2 Nd7 17. Qc2 e4 18. Ng5 Qe7 19. Nh3 Rac8 20. Bg5 Qf7 21. Rac1 Nce5 22. Nd2 Nc5 23. b3 Ncd3 24. Rcd1 h6 25. Bf4 Nxf4 26. Nxf4 g5 27. Nh5 Bh8 28. Ng3 Bb7 29. Qb1 Qe7 30. a4 Ng6 31. Nxf5 Rxf5 32. Bg4 Rcf8 33. Bxf5 Rxf5 34. Rfe1 Bd4 35. Nxe4 Bxe4 36. Rxe4 Bxf2+ 37. Kh1 Qf7 38. Rd8+ Kh7 39. Rd1 Bc5 40. Ree1 a5 41. Rf1 Nf4 42. Qe4 Qg6 43. g3 Rf6 44. Qxg6+ Kxg6 45. gxf4 gxf4 46. Kg2 1-0

[Event "POL Academic Cup 2nd"]
[Site "Wroclaw"]
[Date "2007.04.28"]
[Round "1"]
[White "Pigula, Marek"]
[Black "Szczygiel, Michal"]
[Result "1-0"]
[WhiteElo "2093"]
[BlackElo "1711"]
[PlyCount "99"]
[EventDate "2007.04.28"]
[EventType "swiss"]
[EventRounds "9"]
[EventCountry "POL"]
[SourceTitle "EXT 2011"]
[Source "ChessBase"]
[SourceDate "2010.11.26"]
[SourceVersion "1"]
[SourceVersionDate "2010.11.26"]
[SourceQuality "1"]

1. e4 e6 2. d4 d5 3. Nd2 Nf6 4. e5 Nfd7 5. f4 c5 6. c3 Nc6 7. Ndf3 Qb6 8. g3 Be7 9. Kf2 0-0 10. Kg2 a5 11. Bd3 f5 12. Bb1 cxd4 13. cxd4 Qa7 14. Ne2 b5 15. h4 h6 16. g4 Nb6 17. gxf5 exf5 18. Bd3 b4 19. Qc2 Nd8 20. Ng3 Qd7 21. e6 Qxe6 22. Re1 Qf6 23. Qc7 Ne6 24. Qxb6 Nxf4+ 25. Bxf4 Qxb6 26. Rxe7 Ra7 27. Re5 Raf7 28. Rc1 Bd7 29. Rxd5 Bc6 30. Rdc5 Bxf3+ 31. Kxf3 Qg6 32. h5 Qg4+ 33. Ke3 Re7+ 34. Re5 Rxe5+ 35. dxe5 Rd8 36. Bxf5 Qh4 37. Rc7 Qh2 38. e6 Qd2+ 39. Kf3 Qd1+ 40. Kg2 Qd5+ 41. Kh3 Re8 42. Rd7 Qc4 43. Bd6 g6 44. hxg6 Rxe6 45. Rd8+ Kg7 46. Bf8+ Kf6 47. g7 Kf7 48. g8Q+ Kxg8 49. Bxb4+ Kf7 50. Rf8+ 1-0

[Event "IECG TE.2005.P.01815 email"]
[Site "IECG email"]
[Date "2005.03.24"]
[Round "?"]
[White "Kuhn, Christian Helmut"]
[Black "Szczygiel, Michal"]
[Result "1-0"]
[WhiteElo "1858"]
[BlackElo "1600"]
[PlyCount "41"]
[EventDate "2005.03.24"]
[EventType "tourn (corr)"]
[EventRounds "4"]
[SourceTitle "Corr 2008"]
[Source "ChessBase"]
[SourceDate "2008.06.24"]
[SourceVersion "1"]
[SourceVersionDate "2008.06.24"]
[SourceQuality "1"]

1. d4 Nf6 2. c4 c5 3. d5 b5 4. Nf3 Qb6 5. Qc2 Bb7 6. e4 d6 7. cxb5 g6 8. Nbd2 Qa5 9. Be2 a6 10. bxa6 Bxa6 11. Bd3 Bxd3 12. Qxd3 Bg7 13. 0-0 0-0 14. Nc4 Qc7 15. a4 Na6 16. Bd2 Nb4 17. Bxb4 cxb4 18. b3 Nd7 19. Rac1 Qa7 20. Rc2 Nc5 21. Qe3 1-0

[Event "IECG TE.2005.P.01814 email"]
[Site "IECG email"]
[Date "2005.03.24"]
[Round "?"]
[White "Lejsek, Heinz"]
[Black "Szczygiel, Michal"]
[Result "1-0"]
[WhiteElo "2331"]
[BlackElo "1600"]
[PlyCount "34"]
[EventDate "2005.03.24"]
[EventType "tourn (corr)"]
[EventRounds "4"]
[SourceTitle "Corr 2008"]
[Source "ChessBase"]
[SourceDate "2008.06.24"]
[SourceVersion "1"]
[SourceVersionDate "2008.06.24"]
[SourceQuality "1"]

1. d4 Nf6 2. c4 c5 3. d5 b5 4. Nf3 bxc4 5. Nc3 a5 6. e4 d6 7. Bxc4 e5 8. dxe6 Bxe6 9. Qa4+ Nbd7 10. Bxe6 fxe6 11. Ng5 Ke7 12. Qc4 d5 13. exd5 Ne5 14. Qxc5+ Qd6 15. Qxd6+ Kxd6 16. Bf4 exd5 17. 0-0-0 h6 1-0

[Event "IECG TE.2005.P.01814 email"]
[Site "IECG email"]
[Date "2005.03.24"]
[Round "?"]
[White "Szczygiel, Michal"]
[Black "Werner, Peter"]
[Result "0-1"]
[WhiteElo "1600"]
[BlackElo "800"]
[PlyCount "38"]
[EventDate "2005.03.24"]
[EventType "tourn (corr)"]
[EventRounds "4"]
[SourceTitle "Corr 2008"]
[Source "ChessBase"]
[SourceDate "2008.06.24"]
[SourceVersion "1"]
[SourceVersionDate "2008.06.24"]
[SourceQuality "1"]

1. d4 Nf6 2. c4 c5 3. d5 b5 4. Nf3 bxc4 5. Qc2 Nxd5 6. Qxc4 e6 7. g3 Ba6 8. Qc2 Nc6 9. a3 Nd4 10. Nxd4 cxd4 11. e4 dxe3 12. Bxe3 Bb7 13. Rg1 Nxe3 14. fxe3 Qb6 15. Qe2 Bc5 16. Kf2 Bxe3+ 17. Qxe3 Qxb2+ 18. Nd2 Qxa1 19. Bg2 Qf6+ 0-1